00582 2200217 4500001002100000005001500021035002000036007000300056008004100059020002200100082000800122084001400130100001600144245007700160250001000237260003700247300002100284650002600305700002200331990001100353INLIS00000000000380220190723114555 a0010-0719000220ta190723 g 0 ind  a978-602-1142-54-7 a823 a823 TWA t0 aTWAIN, Mark1 aThe Adventures of Tom Sawter /cMark Twain; penerjemah, Zulkarnaen Ishak acet.1 aYogyakarta :bShira Media,c2015 a394 hlm ;c19 cm 4aNOVEL. SASTRA INGGRIS0 aZULKARNAEN, Ishak a6069 a